History Quiz

Random History or City Quiz

Top 10 US Cities (All Time) Quiz Stats

Quiz Updated Oct 28, 2016

Challenge
Share
Tweet
Embed
Score 0/32 Timer 04:00
0 Plays Today
Peak Position City % Correct
#3Brooklyn, NY*
99.6%
#1New York, NY
99.6%
#2Los Angeles, CA
93.3%
#2Chicago, IL
90.6%
#3Boston, MA
89.1%
#6Northern Liberties**, PA
83.3%
#7Southwark**, PA
83.2%
#9Spring Garden**, PA
83.2%
#2Philadelphia, PA
83.2%
#7Dallas, TX
81.9%
#4Houston, TX
79.8%
#8San Francisco, CA
79.8%
#9Washington, D.C.
75%
#4Detroit, MI
67.8%
#6San Diego, CA
65.4%
#8Pittsburgh, PA
60.6%
Peak Position City % Correct
#4St. Louis, MO
58.4%
#2Baltimore, MD
58.1%
#5Cleveland, OH
56.5%
#3New Orleans, LA
55.7%
#6Phoenix, AZ
53.9%
#7San Antonio, TX
47.7%
#10San Jose, CA
43.4%
#6Cincinnati, OH
39.3%
#8Buffalo, NY
36.6%
#4Charleston, SC
32.2%
#9Albany, NY
30.1%
#9Providence, RI
28%
#10Norfolk, VA
10.4%
#7Salem, MA
9.7%
#8Newport, RI
4.4%
#10Marblehead, MA
1.4%

You're not logged in!

Compare scores with friends on all Sporcle quizzes.
Sign Up with Email
OR
Log In

You Might Also Like...

Show Comments

Extras

Top Quizzes Today


Score Distribution

Your Account Isn't Verified!

In order to create a playlist on Sporcle, you need to verify the email address you used during registration. Go to your Sporcle Settings to finish the process.